书目信息 |
| 题名: |
工程图识读 (含附册)
|
|
| 作者: | 李社生, , 李社生 , 曲玉凤 | |
| 分册: | ||
| 出版信息: | 科学出版 2004.07 |
|
| 页数: | ||
| 开本: | ||
| 丛书名: | ||
| 单 册: | ||
| 中图分类: | TU204-64 | |
| 科图分类: | ||
| 主题词: | ||
| 电子资源: | ||
| ISBN: | 978-7-03-013374-8 | |
| 000 | 00610nam0 2200217 45 | |
| 001 | 010437712120 | |
| 005 | 20080119143726.95 | |
| 010 | @a978-7-03-013374-8@dCNY31.00 | |
| 100 | @a20070719d2004 ekmy0 y0120 ea | |
| 102 | @aCN@b130000 | |
| 105 | @ay z 000yy | |
| 200 | 1 | @a工程图识读 (含附册)@f李社生,曲玉凤主编@Fli she sheng,qu yu feng zhu bian |
| 210 | @c科学出版@d2004.07 | |
| 330 | @a该书介绍 | |
| 690 | @aTU204-64@v4 | |
| 701 | 0 | @a李社生, |
| 701 | 0 | @a李社生@Ali she sheng@4主编 |
| 701 | 0 | @a曲玉凤@Aqu yu feng@4主编 |
| 801 | 0 | @aCN@c20080119 |
| 905 | @dTU204-64@eL250 | |
| 906 | @dCNY31.00@n3@r1 | |
| 工程图识读 (含附册)/李社生,曲玉凤主编.-科学出版,2004.07 |
| ISBN 978-7-03-013374-8:CNY31.00 |
| 该书介绍 |
| ● |
| 相关链接 |
|
|
|
正题名:工程图识读 (含附册)
索取号:TU204-64/L250
 
预约/预借
| 序号 | 登录号 | 条形码 | 馆藏地/架位号 | 状态 | 备注 |
| 1 | 478390 | 204783902 | 期刊室512/101建筑库 110排6列5层/ [索取号:TU204-64/L250] | 在馆 | |
| 2 | 478391 | 204783911 | 期刊室512/101建筑库 110排6列5层/ [索取号:TU204-64/L250] | 在馆 | |
| 3 | 478392 | 204783920 | 期刊室512/101建筑库 110排6列5层/ [索取号:TU204-64/L250] | 在馆 |